000 02550cam a22005174i 4500
003 PE-LiUPU
005 20250731173236.0
008 150625s r 000 0 d
035 _a(Sirsi) a35006
040 _aPE-LiUPU
_bspa
_cPE-LiUPU
_erda
049 _aPRUA
082 0 4 _a231.1
_bB73
_221
100 1 _aBranson, Willian Henry,
_eautor.
245 1 4 _aThe Holy Spirit :
_bhis office and work in the world /
_cWillian Henry Branson.
264 1 _aTennessee :
_bSouthern,
_c1933.
300 _a160 páginas ;
_c20 centímetros
336 _atext
_2rdacontent
337 _aunmediated
_2rdamedia
338 _avolume
_2rdacarrier
505 0 _aPersonality and deity of the holy spirit -- The author of the holy scriptures -- The holy spirit in christ -- The comforter- a changed relation ship -- The comforter at work -- "The refiner's fire" -- Pentecost- the early rain -- The apostasy and wthdrawal of the spirit -- The latter rain -- False evidences of the spirit's presence -- The unpardonable sin -- "Oh, don't stay away" -- Receiving the spirit.
526 _aSEG42
526 _aSEG41
526 _aSEG40
526 _aSEG39
526 _aP94
526 _aP87
526 _aP86
526 _aP85
526 _aP77
526 _aP76
526 _aP35
650 0 4 _aEspíritu Santo.
_91618
910 _adbm
_bncf
_cncf
_d20190605
942 _2ddc
_cBOOK
949 _a231.1 B73
_wDEWEY
_c1
_i04127
_lCCODEBUL1
_mBUL
_p00.00
_r0
_sY
_tBOOK
_u2015-06-25
_xBIBLIOTECA
_zUNKNOWN
_0COMPRA
_o.STAFF. Colección Teología
949 _a231.1 B73
_wDEWEY
_c2
_i06367
_lCCODEBUL1
_mBUL
_p00.00
_r0
_sY
_tBOOK
_u2015-06-25
_xBIBLIOTECA
_zUNKNOWN
_0COMPRA
_o.STAFF. Colección Teología
949 _a231.1 B73
_wDEWEY
_c3
_i08592
_lCCODEBUL1
_mBUL
_p00.00
_r0
_sY
_tBOOK
_u2015-06-25
_xBIBLIOTECA
_zUNKNOWN
_0COMPRA
_o.STAFF. Colección Teología
994 _aC0
_bPEPRU
596 _a1
999 _a231.1 B73
_wDEWEY
_c42926
_i04127
_f2021-11-11
_g6
_lCCODEBUL1
_mBUL
_p10.00
_r0
_sY
_tBOOK
_u2015-6-25
_xTEOLOGIA
_PP35
_0COMPRA
_o.STAFF. Colección Teología
_d42926
999 _a231.1 B73
_wDEWEY
_c2
_i06367
_f2021-11-11
_g6
_lCCODEBUL1
_mBUL
_p10.00
_r0
_sY
_tBOOK
_u2015-6-25
_xTEOLOGIA
_PP35
_0COMPRA
_o.STAFF. Colección Teología
999 _a231.1 B73
_wDEWEY
_c3
_i08592
_f2021-11-11
_g6
_lCCODEBUL1
_mBUL
_p10.00
_r0
_sY
_tBOOK
_u2015-6-25
_xTEOLOGIA
_PP35
_0COMPRA
_o.STAFF. Colección Teología
980 _81
_gALBERTO SANCHEZ Responsable de Automatización